Welches Land ist auf den Bildern zusehen? - Statistiken

Allgemein
  • Dieses Quiz wurde 137 mal gespielt
  • Das Durchschnittsergebnis liegt bei 13 aus 16
Antwortstatistiken
Bildquiz Antwort % Korrekt
Vereinigte Staaten
98%
Ägypten
97%
Australien
96%
China
94%
Peru
92%
Italien
91%
Japan
91%
Kanada
90%
Norwegen
90%
Deutschland
89%
Kuba
85%
Mexiko
83%
Dänemark
79%
Singapur
53%
Türkei
47%
Monaco
45%
Keine übereinstimmenden Quizze gefunden
Verteilung der Resultate
Anzahl Personen mit jedem Resultat
Perzentil nach korrekt beantworteten Fragen
Ihre Resultats-Entwicklung
Sie haben dieses Quiz noch nicht gespielt